000 05279nam a22005057a 4500
001 1052466341
003 OCoLC
005 20241110183401.0
006 m o d
007 cr |||||||||||
008 180913s2019 nyua ob 001 0 eng d
020 _a9781259641022
_qpaperback
020 _a1259641023
_qpaperback
020 _z1259641023
_qpaperback
035 _a(OCoLC)1052466341
040 _aKOS
_beng
_epn
_cKOS
_dOCLCO
_dPFM
_dVTM
_dMMU
_dUSU
_dTVJ
_dYYE
041 _aeng
049 _aYYEA
_aVZYM
080 _a615
_bK-23
096 _aQV 18.2 K19 2019
100 1 _aKatzung, Bertram G.
245 1 0 _aKatzung & Trevor's pharmacology :
_bexamination & board review /
_cBetram G. Katzung, Marieke Kruidering-Hall, Anthony J. Trevor.
246 3 0 _aPharmacology.
246 3 3 _aKatzung and Trevor's pharmacology.
250 _a12th ed.
260 _aNew York :
_bMcGraw-Hill Education,
_c[2019]
300 _a585 p. :
_bcolor illustrations.
365 _b85.64 usd
500 _aRevised edition of: Katzung & Trevor's pharmacology : examination & board review / Anthony J. Trevor, Bertram G. Katzung, Marieke Kruidering-Hall. Eleventh edition. [2015].
500 _aEINSTEIN & MMC: available online via AccessMedicine. See Reference staff for assistance.
504 _aIncludes bibliographical references and index.
505 0 _aPart I: Basic principles. Introduction -- Pharmacodynamics -- Pharmacokinetics -- Drug metabolism -- Pharmacogenomics -- Part II: Autonomic drugs. Introduction to autonomic pharmacology -- Cholinoceptor-activating & cholinesterase-inhibiting drugs -- Cholinoceptor blockers & cholinesterase regenerators -- Sympathomimetics -- Adrenoceptor blockers -- Part III: Cardiovascular drugs. Drugs used in hypertension -- Drugs used in the treatment of angina pectoris -- Drugs used in heart failure -- Antiarrhythmic drugs -- Diuretics & other drugs that act on the kidney -- Part IV: Drugs with important actions on smooth muscle. Histamine, serotonin, drugs used in obesity, & the ergot alkaloids -- Vasoactive peptides -- Prostaglandins & other eicosanoids -- Nitric oxide, donors, & inhibitors -- Drugs used in asthma & chronic obstructive pulmonary disease -- Part V: Drugs that act in the central nervous system. Introduction to CNS pharmacology -- Sedative-hypnotic drugs -- Alcohols -- Antiseizure drugs -- General anesthetics -- Local anesthetics -- Skeletal muscle relaxants -- Drugs used in parkinsonism & other movement disorders -- Antipsychotic agents & lithium -- Antidepressants -- Opioid analgesics & antagonists -- Drugs of abuse -- Part VI: Drugs with important actions on blood, inflammation, & gout. Agents used in cytopenias; hematopoietic growth factors -- Drugs used in coagulation disorders -- Agents used in dyslipidemia -- NSAIDs, acetaminophen, & drugs used in rheumatoid arthritis & gout -- Part Vii: Endocrine drugs. Hypothalamic & pituitary hormones -- Thyroid & antithyroid drugs -- Adrenocorticosteroids & adrenocortical antagonists -- Gonadal hormones & inhibitors -- Pancreatic hormones, antidiabetic drugs, & glucagon -- Agents that affect bone mineral homeostasis -- Part VIII: Chemotherapeutic drugs -- Chemotherapeutic drugs: introduction -- Beta-lactam antibiotics & other cell wall- & membrane-active antibiotics -- Tetracyclines, macrolides, clindamycin, chloramphenicol, streptogramins, & oxazolidinones -- Aminoglycosides & spectinomycin -- Sulfonamides, trimethoprim, & fluoroquinolones -- Antimycobacterial drugs -- Antifungal agents -- Antiviral agents -- Miscellaneous antimicrobial agents & disinfectants, antiseptics, & sterilants -- Clinical use of antimicrobial agents -- Antiprotozoal drugs -- Clinical pharmacology of the antihelminthic drugs -- Cancer chemotherapy -- Immunopharmacology -- Part IX: Toxicology. Environmental & occupational toxicology -- Heavy metals -- Management of the poisoned patient -- Part X: Special topics. Drugs used in gastrointestinal disorders -- Dietary supplements & herbal medications -- Important drug interactions & their mechanisms -- Appendices. Strategies for improving test performance -- Key words for key drugs.
520 _a"This book is designed to help students review pharmacology and to prepare for both regular course examinations and board examinations. The twelfth edition has been revised to make such preparation as active and efficient as possible. As with earlier editions, rigorous standards of accuracy and currency have been maintained in keeping with the book's status as the companion to the Basic & Clinical Pharmacology textbook."--Preface.
588 _aDescription based on online resource; title from electronic title page (AccessMedicine viewed September 17, 2018).
590 _ac.1 10072597 Ritt 2/4/2019 $54.00.
650 2 _aPharmacology
_vExamination Questions.
650 0 _aMedicine
_969
653 _aფარმაკოლოგია
653 _aმედიცინა
700 1 _aKruidering-Hall, Marieke.
700 1 _aTrevor, Anthony J.
710 2 _aMcGraw-Hill Companies.
776 0 8 _iPrint version:
_aTrevor, Anthony J.
_tKatzung & Trevor's pharmacology.
_b12th edition.
_dNorwalk : McGraw-Hill Educ Medical, 2018
_z1259641023
_w(OCoLC)1031345309.
942 _2udc
_cBK
_e12
999 _c295
_d295